LEADER 01391nam a2200277 i 4500 001 000000131663 003 CaOOAMICUS 005 20250708154633.0 008 041123s1908 it u000 u ita u 013 $a104545 040 $aSeMil$bita 245 10$aCatalogo della raccolta di monete italiane di Giuseppe Caprotti : $bin vendita all'asta amichevole /$cper cura di C. e C. Clerici. 246 04$aLe monete di zecche italiane nella Raccolta Caprotti 264 1$aMilano :$bCarlo & Cesare Clerici,$c[1908] 300 $a128 p., [3] c. di tav. ;$c25 cm. 500 $aCatalogo dell'asta 650 4$aCaprotti, Giuseppe <1869-1919> - Raccolta numismatica.$0(OLS)http://semarc/subject/58123 650 4$aNumismatica - Italia - Cataloghi.$0(OLS)http://semarc/subject/58116 700 1 $aClerici, Cesare.$0(OLS)http://semarc/name/89824 700 1 $aClerici, Carlo.$0(OLS)http://semarc/name/54331 850 $aSeMil 852 $aSeMil$W1$xVenegono$y1$m3Y IV 35$j259302$B85615$CSeMilBibl$Z2$F89377 $81 996 $6245$aCatalogo della raccolta di monete italiane di Giuseppe Caprotti : $bin vendita all'asta amichevole$9(OLS)http://semarc/title/193561 996 $6246$aLe monete di zecche italiane nella Raccolta Caprotti$9(OLS)http://semarc/title/454719 996 $6264$aMilano :$bCarlo & Cesare Clerici$9(OLS)http://semarc/publisher/57885 LEADER 01129nam a2200289 i 4500 001 000000175751 003 CaOOAMICUS 005 20081117000000.0 008 081117s1998 it u000 u ita u 013 $a153234 020 $a88-85943-28-4 040 $aSeMil$bita 100 1 $aMillu, Liana <1914-2005>.$0(OLS)http://semarc/name/43325 245 13$aIl fumo di Birkenau /$cLiana Millu. 250 $a9. Ed. 260 $aFirenze :$bGiuntina,$c1998. 300 $a163 p. ;$c20 cm. 490 0 $aSchulim Vogelmann ;$v14 500 $aDono di don Romano Martinelli. 650 4$aCampi di concentramento - Guerra mondiale - 1939-1945 - Diari e memorie.$0(OLS)http://semarc/subject/9403 830 0$aSchulim Vogelmann ;$v14.$0(OLS)http://semarc/title/11273 850 $aSeMil 852 $aSeMil$W1$xVenegono$y1$m3V I 232$j126573$B126573$CSeMilBibl$Z2$F138645 $81 961 $aOmaggio: Martinelli don Romano 996 $6020$a88-85943-28-4$9(OLS)http://semarc/number/164075 996 $6245$aIl fumo di Birkenau$9(OLS)http://semarc/title/252091 996 $6260$aFirenze :$bGiuntina$9(OLS)http://semarc/publisher/31954